00835 2200301 4500001002100000005001700021008004100038020002200079035002400101040001200125041000800137082001400145090001800159245009600177250001000273260003300283300005200316600002100368650001500389990001600404990001700420990001600437990001600453990001600469990001600485990001600501990001600517YOGYA-0113000000120520130119114522.0 ind  a978-979-061-027-9 0010-011300000001205 aYOPDYOG aInd aQ 330.015 aQ 330.015 Fun aFUNDAMENTAL methods of mathematics for business and economics...cAlpha C. Chiang...[et.al] aCet.1 aJakartabSalemba empatc2010 a...Volumec26 cm (6 eks) yang diterima jil. 1&2 aDewi A. Rarasati aEkonometri a594-PD/B.12 a5939-PD/B.12 a592-PD/B.12 a591-PD/B.12 a590-PD/B.12 a589-PD/B.12 a529-PD/B.12 a590-PD/B.12